[Event "68th ch-ARM"]
[Site "Yerevan ARM"]
[Date "2008.01.18"]
[Round "10"]
[White "Kotanjian,T"]
[Black "Yegiazarian,A"]
[Result "0-1"]
[WhiteElo "2545"]
[BlackElo "2512"]

1.d4 d5 2.c4 e6 3.Nc3 Be7 4.Nf3 Nf6 5.Bf4 O-O 6.e3 c5 7.dxc5 Bxc5 8.a3 Nc6
9.Qc2 Qa5 10.Nd2 Be7 11.Bg3 Bd7 12.Be2 Rac8 13.O-O Qd8 14.b4 d4 15.Nce4 dxe3
16.fxe3 Ne8 17.Nb3 f5 18.Nec5 Bxc5 19.Nxc5 b6 20.Nb7 Qf6 21.Rad1 Rf7 22.c5 Ne5
23.Nd6 Nxd6 24.Rxd6 bxc5 25.bxc5 Bc6 26.Rfd1 Be4 27.Qc3 Nf3+  0-1

[Event "GMA1"]
[Site "Marianske Lazne CZE"]
[Date "2008.01.24"]
[Round "7"]
[White "Brener,I"]
[Black "Talla,V"]
[Result "1/2-1/2"]
[WhiteElo "2394"]
[BlackElo "2419"]

1.Nf3 Nf6 2.c4 e6 3.Nc3 d5 4.d4 Be7 5.Bf4 O-O 6.e3 Nbd7 7.a3 c5 8.cxd5 Nxd5
9.Nxd5 exd5 10.Bd3 c4 11.Bc2 Nf6 12.Ne5 Be6 13.O-O Rc8 14.Bg5 Ne8 15.Bxe7 Qxe7
16.Qb1 g6 17.b3 Nd6 18.bxc4 Nxc4 19.Nxc4 Rxc4 20.Bb3 Rc3 21.Qa2 Qd6 22.Rfc1 Rfc8
23.Qb2 Qc6 24.Rxc3 Qxc3 25.Qxc3 Rxc3 26.Bd1 Kf8 27.Kf1 Ke7 28.Ke1 Kd6 29.Kd2 Rc7
30.Rb1 Bd7 31.f3 Bf5 32.Rb2 g5 33.Be2 h6 34.g3 f6 35.Bd1 Bg6 36.Rb3 Be8 37.Be2 Bg6
38.Rc3 Rxc3 39.Kxc3 Bf5 40.Bf1 Bd7 41.Kb4 Bf5 42.a4 Bc2 43.a5 Bd1 44.f4 Bg4
45.Bd3 Bf3 46.Bf5 Bg2 47.Bc8  1/2-1/2

[Event "FINEC GMB"]
[Site "St Petersburg RUS"]
[Date "2008.01.30"]
[Round "7"]
[White "Shishkin,Va UKR"]
[Black "Goganov,A"]
[Result "1-0"]
[WhiteElo "2493"]
[BlackElo "2358"]

1.d4 d5 2.c4 e6 3.Nf3 Nf6 4.Nc3 Be7 5.Bf4 O-O 6.e3 c5 7.dxc5 Bxc5 8.Qc2 Nc6
9.Rd1 Qa5 10.Be2 Be7 11.O-O dxc4 12.Bxc4 e5 13.Bg5 Bg4 14.Bxf6 Bxf6 15.Ne4 Be7
16.Neg5 g6 17.Bxf7+ Rxf7 18.Qc4 Rf8 19.Nxf7 Rxf7 20.Qxg4 Qxa2 21.Qc8+ Bf8
22.Ng5 Re7 23.f4  1-0

[Event "4th Open C Women"]
[Site "Moscow RUS"]
[Date "2008.02.02"]
[Round "1"]
[White "Turova,I"]
[Black "Abramova,Y"]
[Result "1-0"]
[WhiteElo "2377"]
[BlackElo "2053"]

1.d4 d5 2.c4 e6 3.Nc3 Nf6 4.Nf3 Be7 5.Bf4 O-O 6.e3 b6 7.cxd5 Nxd5 8.Nxd5 exd5
9.Bd3 c5 10.dxc5 bxc5 11.O-O Be6 12.Rc1 Nc6 13.b3 h6 14.Ne5 Nxe5 15.Bxe5 Bd6
16.Bxd6 Qxd6 17.Qe2 Rac8 18.e4 Rfe8 19.exd5 Bxd5 20.Qc2 Qc6 21.f3 Re5 22.Qf2 a5
23.Rc3 a4 24.bxa4 c4 25.Qd4 Qe6 26.f4 Re1 27.Rxe1 Qxe1+ 28.Bf1 Qe6 29.a5 Ra8
30.h3 Rxa5 31.Bxc4 Qe1+ 32.Kh2 Qe4 33.Qxe4 Bxe4 34.Bb3 Bd5 35.Rc8+ Kh7 36.Bc2+ g6
37.a4 Be6 38.Rc7 Kg8 39.Rc3 Kf8 40.Kg3 Ke7 41.Kf2 Kd6 42.Ke3 g5 43.Rd3+ Ke7
44.Rd4 Rc5 45.Kd2 gxf4 46.Rxf4 h5 47.h4 Kd6 48.Rd4+ Ke7 49.Re4 Kd6 50.Rb4 Kc6
51.g3 Bg4 52.Bd3 Ra5 53.Bb5+ Kc5 54.Rc4+ Kd5 55.Rc7 f5 56.Kc3 Kd6 57.Rc6+ Kd5
58.Ra6 Rxa6 59.Bxa6 Kc5 60.Bc4  1-0

[Event "4th Open A"]
[Site "Moscow RUS"]
[Date "2008.02.06"]
[Round "5"]
[White "Moiseenko,A1"]
[Black "Rychagov,A"]
[Result "1/2-1/2"]
[WhiteElo "2643"]
[BlackElo "2551"]

1.d4 d5 2.c4 e6 3.Nc3 Nf6 4.Nf3 Be7 5.Bf4 O-O 6.e3 Nbd7 7.cxd5 Nxd5 8.Nxd5 exd5
9.a3 c5 10.dxc5 Nxc5 11.Be2 Bf6 12.Be5 Bxe5 13.Nxe5 Ne6 14.O-O d4 15.Qd2 dxe3
16.Qxe3 Qd4 17.Rad1 Qxe3 18.fxe3 f6 19.Nc4 Nd8 20.Nd6 Be6 21.Rc1 b6 22.Bf3 Rb8
23.Rc7 a6 24.Re7 Bb3 25.Rc1 Nf7 26.Rcc7 Rbd8 27.Nf5 Rfe8 28.Rxe8+ Rxe8 29.Nd4 Ba2
30.b3 Ne5 31.Bd5+ Kh8 32.Rc1 Nd3 33.Ra1 Rxe3 34.g3 Nc5 35.Rxa2 Rd3 36.Re2 g6
37.Re8+ Kg7 38.Re7+ Kh6 39.b4 Rxd4 40.bxc5 Rxd5 41.cxb6 Rb5 42.b7 Rb2 43.Kf1 a5
44.a4 g5 45.g4 Kg6 46.Rc7 h5 47.h3 hxg4 48.hxg4 Kh6 49.Ke1 Kg6 50.Kd1 f5
51.gxf5+ Kf6 52.Kc1 Rb4 53.Kd2 g4 54.Ke3 Kg5 55.Rf7 Kh6 56.Rd7 Kg5 57.Ke2 Rb3
58.Kf2 Kf6 59.Rd5 Rxb7 60.Rxa5 Rb4 61.Kg3 Kg5 62.f6+ Kxf6 63.Kh4 Ke6 64.Rg5 Rxa4
65.Rxg4 Rxg4+ 66.Kxg4 Ke5  1/2-1/2

[Event "4th Open A"]
[Site "Moscow RUS"]
[Date "2008.02.06"]
[Round "5"]
[White "Timofeev,Arty"]
[Black "Riazantsev,A"]
[Result "1/2-1/2"]
[WhiteElo "2664"]
[BlackElo "2628"]

1.d4 d5 2.c4 e6 3.Nc3 Be7 4.Nf3 Nf6 5.Bf4 O-O 6.e3 Nbd7 7.a3 c5 8.cxd5 Nxd5
9.Nxd5 exd5 10.dxc5 Nxc5 11.Be5 Bf6 12.Bxf6 Qxf6 13.Qd4 Qe7 14.Qf4 Qe4 15.Qxe4 dxe4
16.Nd4 Bd7 17.Bc4 Rac8 18.O-O Ne6 19.Bxe6 Bxe6 20.h4 Bd7 21.Kh2 f5 22.Kg3 Kf7
23.Rfd1 Kf6 24.a4 Be6 25.Rac1 Rxc1 26.Rxc1 Rc8 27.Rxc8 Bxc8 28.Kf4 Bd7 29.a5 g6
30.g4 fxg4 31.Ne2 h5 32.Nc3 Bc6 33.b3 g5+ 34.hxg5+ Kg6 35.b4 a6 36.Ne2 Bd7
37.Ng3 h4 38.Nxe4 h3 39.Kg3 Bc6 40.Nd2 Kxg5 41.f3 Bd7 42.fxg4 Bxg4 43.Ne4+ Kf5
44.Nc5 Ke5 45.Nxb7 Bc8 46.Nc5 Kd5 47.Na4 Be6 48.b5 axb5 49.a6 Kd6 50.Nc3 Kc6
51.a7 Kb7 52.Nxb5 Bd7 53.Nd4 Kxa7 54.e4 Kb6 55.Nf5 Bc6 56.Kxh3 Bxe4  1/2-1/2

[Event "4th Open A"]
[Site "Moscow RUS"]
[Date "2008.02.07"]
[Round "6"]
[White "Lysyj,I"]
[Black "Zvjaginsev,V"]
[Result "1/2-1/2"]
[WhiteElo "2593"]
[BlackElo "2677"]

1.d4 d5 2.c4 e6 3.Nc3 Be7 4.Nf3 Nf6 5.Bf4 O-O 6.e3 Nbd7 7.c5 c6 8.Bd3 b6
9.b4 a5 10.a3 Ba6 11.O-O Qc8 12.h3 Qb7 13.Rb1 Bxd3 14.Qxd3 axb4 15.axb4 Ra3
16.Qc2 Rfa8 17.Rfc1 b5 18.Nd2 Bd8 19.Nb3 Ne4 20.Nxe4 dxe4 21.Qxe4 Nf6 22.Qf3 Nd5
23.e4 Nxb4 24.Bd2 Na2 25.Rc2 b4 26.d5 Bf6 27.e5 Bxe5 28.dxc6 Qc7 29.Qe4 Nc3
30.Bxc3 bxc3 31.Nc1 R3a4 32.Qf3 R4a6 33.Ne2 Qxc6 34.Qe3 Ra1 35.Rbc1 Qc7 36.f4 Bf6  1/2-1/2

[Event "16th FAJR Open"]
[Site "Urmia IRI"]
[Date "2008.02.07"]
[Round "9"]
[White "Saravanan,V1"]
[Black "Morchiashvili,B"]
[Result "1-0"]
[WhiteElo "2379"]
[BlackElo "2434"]

1.Nf3 Nf6 2.c4 e6 3.Nc3 d5 4.d4 Be7 5.Bf4 c5 6.dxc5 Bxc5 7.e3 Nc6 8.cxd5 Nxd5
9.Nxd5 exd5 10.a3 Qf6 11.Qc2 Bb6 12.Bb5 Ba5+ 13.Ke2 O-O 14.Rad1 Bg4 15.Rxd5 Rac8
16.Qb1 Bb6 17.Rhd1 h6 18.Kf1 Bxf3 19.gxf3 Nd8 20.Rf5 Qh4 21.Bd6 g6 22.Re5 Bc7
23.Kg2 Qf6 24.Bxc7 Rxc7 25.f4 Ne6 26.Bd7 Nc5 27.Bg4 b6 28.b4 Na4 29.Qb3 b5
30.Rd3 a6 31.Red5 Qh4 32.Bf3 Kg7 33.Rd6 Rfc8 34.Rd7 Qf6 35.R7d6 Qh4 36.Qd5 Nb2
37.Rd4 Rc2 38.Rd2 Rxd2 39.Qxd2 Nc4 40.Qd4+ Kg8 41.Rd7 Rf8 42.a4 Re8 43.axb5 axb5
44.Qd5 Rf8 45.Qxb5  1-0

[Event "4th Open C Women"]
[Site "Moscow RUS"]
[Date "2008.02.08"]
[Round "7"]
[White "Zhukova,N"]
[Black "Melia,S"]
[Result "1/2-1/2"]
[WhiteElo "2443"]
[BlackElo "2362"]

1.d4 d5 2.c4 e6 3.Nc3 Be7 4.Nf3 Nf6 5.Bf4 c5 6.dxc5 Bxc5 7.e3 Nc6 8.a3 O-O
9.Qc2 Qa5 10.O-O-O Be7 11.g4 dxc4 12.Bxc4 Nxg4 13.Rhg1 Qh5 14.h3 Nf6 15.Ng5 e5
16.Be2 Qg6 17.Nge4 exf4 18.Rxg6 hxg6 19.Ng5 fxe3 20.fxe3 Ne5 21.Kb1 Bd7 22.Qb3 b5
23.Bxb5 Rab8 24.Qa4 Rb7 25.Bxd7 Nfxd7 26.Qh4 Bxg5 27.Qxg5 Nc4 28.Na4 Rfb8
29.Ka1 Nxb2  1/2-1/2

[Event "4th Open A"]
[Site "Moscow RUS"]
[Date "2008.02.08"]
[Round "7"]
[White "Moiseenko,A1"]
[Black "Kharitonov,AV"]
[Result "1-0"]
[WhiteElo "2643"]
[BlackElo "2569"]

1.d4 Nf6 2.c4 e6 3.Nc3 d5 4.Nf3 Be7 5.Bf4 O-O 6.e3 c5 7.dxc5 Qa5 8.a3 dxc4
9.Bxc4 Qxc5 10.Qe2 Nbd7 11.e4 Nb6 12.Bd3 Bd7 13.Be5 Na4 14.Rc1 Rfc8 15.O-O Nxc3
16.Rxc3 Qb6  1-0

[Event "4th Open A"]
[Site "Moscow RUS"]
[Date "2008.02.10"]
[Round "9"]
[White "Kazhgaleyev,M"]
[Black "Asrian,K"]
[Result "1-0"]
[WhiteElo "2594"]
[BlackElo "2621"]

1.d4 d5 2.c4 e6 3.Nc3 Be7 4.Nf3 Nf6 5.Bf4 O-O 6.Qc2 c5 7.dxc5 Na6 8.Rd1 Nxc5
9.cxd5 exd5 10.e3 Qa5 11.Be2 Nce4 12.O-O Nxc3 13.bxc3 Bd7 14.Qb2 Qb6 15.Qa1 Bf5
16.Nd4 Bg6 17.a4 Qc5 18.Qb2 Ne4 19.Rc1 Qb6 20.Qa2 Qa5 21.Qb3 Nc5 22.Qxd5 Rad8
23.Qe5 Bd6 24.Qg5 h6 25.Qg4 Bxf4 26.Qxf4 Bd3 27.Qe5 Bxe2 28.Nxe2 Rfe8 29.Qf5 b6
30.Ra1 Rd2 31.Nd4 Qxc3 32.a5 Ne4 33.axb6 axb6 34.Ra7 Qc4 35.Qd7 Rc8 36.Raa1 Nc3
37.Qb7 Qc7 38.Ra7 Qxb7 39.Rxb7 Rb2 40.h3 Ra8 41.Rc1 Ne4 42.f3 Nf6 43.Rc2 Raa2
44.Rxb2 Rxb2 45.Nf5 Nd5 46.h4 h5 47.Rd7 Nc3 48.Rc7 Nd5 49.Rd7 Nc3 50.Ne7+ Kh7
51.Nc6 f6 52.Ne7 Rb1+ 53.Kh2 Nd1 54.Nf5 Kh8 55.Nxg7 Nxe3 56.Nxh5 Rd1 57.Rb7 Nd5
58.Rd7 Ne3 59.Rf7 Rd4 60.Kh3 Nf5 61.g4 Nd6 62.Rxf6 b5 63.Rf8+ Kh7 64.Rb8 b4
65.Kg3 Nf7 66.Rb7 Kg8 67.Nf6+ Kf8 68.h5 Nd6 69.Rb8+ Kf7 70.Nh7 Kg7 71.Nf8 Rd3
72.Ng6 b3 73.Ne5 Rd5 74.f4 Rb5 75.Rxb5 Nxb5 76.Nd3 Kf6 77.h6 Nd6 78.Kh4 Kg6
79.g5 Nf5+ 80.Kg4 Ne3+ 81.Kf3 Nc4 82.Ke4 b2 83.Nxb2 Nxb2 84.f5+ Kh7 85.Ke5 Nd3+
86.Kf6 Nc5 87.Ke7 Ne4 88.g6+ Kxh6 89.f6  1-0

[Event "10th TCh-Euro sen"]
[Site "Dresden GER"]
[Date "2008.02.11"]
[Round "1"]
[White "Rodriguez,Ores"]
[Black "Ghijsen,P"]
[Result "1-0"]
[WhiteElo "2428"]
[BlackElo "2178"]

1.d4 Nf6 2.c4 e6 3.Nf3 d5 4.Nc3 Be7 5.Bf4 c6 6.e3 Nbd7 7.h3 O-O 8.Rc1 a6
9.c5 Re8 10.Bd3 Nf8 11.O-O Ng6 12.Bh2 Nd7 13.e4 dxe4 14.Nxe4 Nf6 15.Nd6 Rf8
16.Re1 Ne8 17.Nc4 Nc7 18.Nb6 Rb8 19.Qe2 Bf6 20.g4 Bd7 21.g5 Be7 22.h4 Re8
23.h5 Nf8 24.Kh1 e5 25.Qxe5 Bg4 26.Qg3 Bxh5 27.Ne5 Bxg5 28.f4 Bh4 29.Qh3 Nd5
30.Nbc4 Ng6 31.Rf1 Nb4 32.Bb1 Be2 33.Nd6 Rf8 34.f5 Nxe5 35.dxe5 Qg5 36.Rg1 Qh5
37.Be4 Bf2 38.Rxg7+ Kxg7 39.Qg2+ Kh8 40.Qxf2 Nd3 41.Bxd3 Bxd3 42.e6 Qg4 43.Re1 Bc4
44.Nxc4 Qxc4 45.e7 Qd5+ 46.Qg2 Qxg2+ 47.Kxg2 Rg8+ 48.Kf3 Rbe8 49.Be5+ f6
50.Bxf6+ Rg7 51.Re6 Kg8 52.Bxg7 Kxg7 53.f6+  1-0

[Event "10th TCh-Euro sen"]
[Site "Dresden GER"]
[Date "2008.02.12"]
[Round "2"]
[White "Neudel,B"]
[Black "Oud,N"]
[Result "1/2-1/2"]
[WhiteElo "1952"]
[BlackElo "2023"]

1.d4 d5 2.Nf3 e6 3.c4 Nf6 4.Nc3 Be7 5.Bf4 O-O 6.e3 c5 7.dxc5 Bxc5 8.Bg5 Be7
9.Be2 h6 10.Bh4 Qb6 11.Qc2 Nc6 12.a3 Bd7 13.O-O Rac8 14.Rfd1 Rfd8 15.cxd5 Nxd5
16.Nxd5 exd5 17.Bxe7 Nxe7 18.Qd2 Rc7 19.Rac1 Rdc8 20.Rxc7 Qxc7 21.Nd4 Qc5
22.h3 Ba4 23.Rb1 Bd7 24.Rd1 Rc7 25.Bf3 Ba4 26.Rb1 a6 27.Bd1 Bd7 28.Bb3 a5
29.Bd1 Nf5 30.Nb3 Qb6 31.Nxa5 d4 32.exd4 Nxd4 33.b4 Bf5 34.Rc1 Rd7 35.Qe3 Qd8  1/2-1/2

[Event "79th ch-GER"]
[Site "Bad Woerishofen GER"]
[Date "2008.02.15"]
[Round "1"]
[White "Levin,F"]
[Black "Zude,A"]
[Result "1-0"]
[WhiteElo "2563"]
[BlackElo "2452"]

1.Nf3 Nf6 2.c4 e6 3.Nc3 d5 4.d4 Be7 5.Bf4 O-O 6.e3 c5 7.dxc5 Bxc5 8.Qc2 Nc6
9.Rd1 Qa5 10.Be2 dxc4 11.Bxc4 a6 12.O-O Be7 13.Ng5 h6 14.Nge4 b5 15.Nxf6+ Bxf6
16.Qe4 bxc4 17.Qxc6 Ra7 18.Qxc4 Bb7 19.Bc7 Qg5 20.Bg3 a5 21.Qc7 Rfa8 22.Qb6 Bxc3
23.bxc3 Bd5 24.Rd2 Rb7 25.Qc5 Qg4 26.Qd4 Qg6 27.f3 Rc8 28.e4 Bc4 29.Rfd1 f6
30.Qd6 Qe8 31.Qa3 Qb5 32.Bf2 e5 33.h4 h5 34.Kh2 Kh7 35.Rd8 Rxd8 36.Rxd8 Qb2
37.Qc5 Qxa2 38.Kg3 a4 39.Qc8 Rb2 40.Qf5+ g6 41.Qxf6  1-0

[Event "TCh-HUN 2007-8"]
[Site "Budapest HUN"]
[Date "2008.02.17"]
[Round "6"]
[White "Ruck,R1"]
[Black "Boguszlavszkij,J"]
[Result "1-0"]
[WhiteElo "2561"]
[BlackElo "2304"]

1.Nf3 d5 2.d4 Nf6 3.c4 e6 4.Nc3 Be7 5.Bf4 c6 6.e3 Nbd7 7.h3 dxc4 8.Bxc4 Nd5
9.Bg3 Qa5 10.Rc1 N7b6 11.Bb3 Nxc3 12.bxc3 Nd5 13.O-O b6 14.Ne5 Bb7 15.Nc4 Qa6
16.Nd6+ Bxd6 17.Bxd6 Rd8 18.Be5 Nf6 19.Qf3 c5 20.Qg3 Ne4 21.Qxg7 Ke7 22.Bg3 Rdg8
23.Qe5 Rc8 24.Bxe6  1-0

[Event "67th ch-GEO KO"]
[Site "Tbilisi GEO"]
[Date "2008.02.17"]
[Round "1.4"]
[White "Chigladze,I"]
[Black "Sanikidze,T"]
[Result "1-0"]
[WhiteElo "2389"]
[BlackElo "2461"]

1.d4 d5 2.c4 e6 3.Nf3 Nf6 4.Nc3 Be7 5.Bf4 c5 6.dxc5 Bxc5 7.e3 Nc6 8.cxd5 Nxd5
9.Nxd5 exd5 10.a3 Qf6 11.Qc2 Bb6 12.Rd1 Bf5 13.Bd3 Bg4 14.Be2 Bf5 15.Qd2 Be4
16.O-O h6 17.b4 a6 18.Bg3 O-O 19.Qa2 d4 20.Nd2 Bf5 21.e4 Be6 22.Qb1 Ne5 23.Bxe5 Qxe5
24.Bd3 Qd6 25.f4 Bg4 26.Rde1 Rac8 27.e5 Qd7 28.f5 f6 29.Bc4+ Kh8 30.Be6 Qb5
31.Bxc8 Rxc8 32.exf6 gxf6 33.Qe4 d3+ 34.Kh1 Rg8 35.Rf4 Qe5 36.h3 Be2 37.Qxe5 fxe5
38.Re4 Bd4 39.R1xe2 dxe2 40.Rxe2 Rc8 41.Ne4 Kg7 42.g4 b6 43.Kg2 a5 44.bxa5 bxa5
45.h4 a4 46.g5 hxg5 47.hxg5 Rb8 48.Kf3 Rb1 49.Rc2 Rf1+ 50.Nf2 Rb1 51.Ng4 Rf1+
52.Nf2 Rb1 53.Rc7+ Kf8 54.Nd3 Rg1 55.g6 e4+ 56.Kxe4 Rg4+ 57.Kd5 Bg7 58.Nc5 Rd4+
59.Ke6 Rd8 60.Rd7 Kg8 61.f6  1-0

[Event "XXIV Open"]
[Site "Cappelle La Grande FRA"]
[Date "2008.02.20"]
[Round "6"]
[White "Cyborowski,L"]
[Black "Hrabinska,M"]
[Result "1-0"]
[WhiteElo "2543"]
[BlackElo "2263"]

1.Nf3 Nf6 2.c4 e6 3.Nc3 d5 4.d4 Be7 5.Bf4 O-O 6.e3 c5 7.dxc5 Bxc5 8.a3 Nc6
9.Qc2 Qa5 10.Rd1 Be7 11.Be2 dxc4 12.Bxc4 e5 13.Bg3 Bg4 14.O-O Bxf3 15.gxf3 Rad8
16.Rxd8 Bxd8 17.Rd1 Qc5 18.Ne4 Nxe4 19.Qxe4 Bf6 20.Rd7 Na5 21.Bd3 g6 22.b4 Qc1+
23.Kg2 Nc6 24.Rxb7 Nd8 25.Rxa7 Ne6 26.Bc4 Ng5 27.Qc6 Kg7 28.Ra6  1-0

[Event "60th ch-POL w"]
[Site "Krakow POL"]
[Date "2008.02.20"]
[Round "7"]
[White "Przezdziecka,M"]
[Black "Dworakowska,J"]
[Result "1-0"]
[WhiteElo "2277"]
[BlackElo "2353"]

1.d4 d5 2.Nf3 Nf6 3.c4 e6 4.Nc3 Be7 5.Bf4 O-O 6.e3 c5 7.dxc5 Bxc5 8.Qc2 Nc6
9.a3 Qa5 10.O-O-O dxc4 11.Bxc4 Be7 12.Bg5 Rb8 13.Bxf6 Bxf6 14.Ne4 b5 15.Nxf6+ gxf6
16.Bb3 Ne7 17.Kb1 Bb7 18.Rd4 Rfd8 19.Rhd1 Rxd4 20.Rxd4 Rd8 21.Qc3 Qb6 22.Rg4+ Ng6
23.Qxf6 Bxf3 24.Qxf3 Rd2 25.h4 Qc5 26.Qf6 a5 27.Rg5 Qd6 28.Bc2 Qc7 29.Qc3 Qd8
30.Rxb5 Nxh4 31.Rc5 Qf8 32.Rg5+  1-0

[Event "Aeroflot Open A2"]
[Site "Moscow RUS"]
[Date "2008.02.20"]
[Round "7"]
[White "Iljin,A"]
[Black "Zhou Weiqi"]
[Result "1/2-1/2"]
[WhiteElo "2548"]
[BlackElo "2530"]

1.d4 e6 2.c4 d5 3.Nc3 Be7 4.Nf3 Nf6 5.Bf4 O-O 6.e3 Nbd7 7.c5 c6 8.Bd3 b6
9.b4 a5 10.a3 Bb7 11.h3 Qc8 12.O-O Ba6 13.Rb1 Bxd3 14.Qxd3 axb4 15.axb4 Re8
16.Rfc1 b5 17.Bh2 Bd8 18.Nd2 e5 19.e4 Ra3 20.dxe5 Nxe5 21.Qd4 Bc7 22.f4 Nc4
23.exd5 Nxd5 24.Nxc4 Rxc3 25.Rxc3 Nxc3 26.Qxc3 bxc4 27.Qxc4  1/2-1/2

[Event "1st Pfalz Open"]
[Site "Neustadt a.d. Weinstrasse GER"]
[Date "2008.02.20"]
[Round "6"]
[White "Epishin,V"]
[Black "Wegerle,J"]
[Result "1/2-1/2"]
[WhiteElo "2577"]
[BlackElo "2415"]

1.d4 d5 2.c4 e6 3.Nf3 Be7 4.Nc3 Nf6 5.Bf4 O-O 6.e3 Nbd7 7.Rc1 c5 8.dxc5 Nxc5
9.cxd5 Nxd5 10.Nxd5 exd5 11.a3 Bd7 12.Bd3 Qa5+ 13.b4 Nxd3+ 14.Qxd3 Qa4 15.Nd4 a5
16.O-O axb4 17.axb4 Bxb4 18.Rc7 b6 19.Rb1 Rfc8 20.h3 Bc5 21.Rxc8+ Rxc8 22.Nb3 Be6
23.Nxc5 bxc5 24.Rb8 Rxb8 25.Bxb8 Qa1+ 26.Qf1 Qb2 27.Ba7 c4 28.Bd4 Qa2 29.Qe1 Bf5
30.Qb4 Qb1+  1/2-1/2

[Event "1st Pfalz Open"]
[Site "Neustadt a.d. Weinstrasse GER"]
[Date "2008.02.22"]
[Round "8"]
[White "Drozdovskij,Y"]
[Black "Korneev,O"]
[Result "1/2-1/2"]
[WhiteElo "2574"]
[BlackElo "2645"]

1.d4 d5 2.c4 e6 3.Nc3 Be7 4.Nf3 Nf6 5.Bf4 O-O 6.e3 c5 7.dxc5 Bxc5 8.Be2 dxc4
9.Bxc4 Qxd1+ 10.Rxd1 Bb4 11.O-O Bxc3 12.bxc3 b6 13.Bd6 Re8 14.Bb5 Bd7 15.c4 a6
16.Bxb8 axb5 17.Be5 bxc4 18.Bxf6 Ba4 19.Rd4 gxf6 20.Rxc4 e5 21.Rb4 b5 22.h3 Rec8
23.Ra1 Rc2 24.Ne1 Rd2 25.Nf3 Rc2 26.Ne1 Rc3 27.Rb2 Kg7 28.Rab1 h5 29.Rd2 Rac8
30.Kf1 h4 31.Ke2 e4 32.g3 Rh8 33.gxh4 Rxh4 34.Ng2 Rxh3 35.Rg1 Rh5 36.Nf4+ Rg5
37.Rh1 b4 38.Rb2 Bb5+ 39.Kd2 Rgc5 40.Rhb1 Kf8 41.Rxb4 Rc2+ 42.Kd1 Bd3 43.Nxd3 exd3
44.R1b2 Ra5  1/2-1/2

[Event "25th Festival Open A"]
[Site "Bled SLO"]
[Date "2008.02.29"]
[Round "8"]
[White "Martinovic,Sa"]
[Black "Soln,P"]
[Result "1/2-1/2"]
[WhiteElo "2363"]
[BlackElo "2384"]

1.d4 d5 2.c4 e6 3.Nc3 Be7 4.Nf3 Nf6 5.Bf4 O-O 6.e3 b6 7.Rc1 c5 8.dxc5 bxc5
9.Be2 Bb7 10.O-O Nbd7 11.cxd5 exd5 12.Ne5 Nxe5 13.Bxe5 Bd6 14.Bxd6 Qxd6 15.Bf3 Rfd8
16.Qc2 Rac8 17.Rfd1 Bc6 18.Na4 Bxa4 19.Qxa4 Qb6 20.b3 h6 21.h3 a5 22.Rc2 Rd6
23.Rdc1 Rdc6 24.e4 dxe4 25.Bxe4 Nxe4 26.Qxe4 Qb4 27.Qd5 a4 28.Rc4 Qa3 29.R1c3 axb3
30.axb3 Qa1+ 31.Kh2 Qa7 32.Rg3 Qc7 33.h4 Rd8 34.Qf3 Rdd6 35.h5 Rf6 36.Qg4  1/2-1/2

[Event "65th ch-GEO w"]
[Site "Tbilisi GEO"]
[Date "2008.03.01"]
[Round "3"]
[White "Charkhalashvili,I"]
[Black "Melia,S"]
[Result "1/2-1/2"]
[WhiteElo "2369"]
[BlackElo "2362"]

1.d4 d5 2.c4 e6 3.Nc3 Be7 4.Nf3 Nf6 5.Bf4 c5 6.e3 cxd4 7.Nxd4 O-O 8.Ndb5 Na6
9.cxd5 Nxd5 10.Nxd5 exd5 11.Be5 Nb4  1/2-1/2

[Event "24th Open"]
[Site "Bad Woerishofen GER"]
[Date "2008.03.04"]
[Round "6"]
[White "Fries,E"]
[Black "Titz,W"]
[Result "1/2-1/2"]
[WhiteElo "1765"]
[BlackElo "1832"]

1.d4 Nf6 2.Nf3 d5 3.c4 e6 4.Nc3 Be7 5.Bf4 c6 6.Qc2 Nbd7 7.e4 dxe4 8.Nxe4 Nxe4
9.Qxe4 Nf6 10.Qc2 Qa5+ 11.Bd2 Bb4 12.Bd3 Bxd2+ 13.Qxd2 Qxd2+ 14.Nxd2 O-O
15.Nf3 b6 16.O-O Bb7 17.Rad1 Rad8 18.Bc2 a6 19.Rfe1 c5 20.dxc5 bxc5  1/2-1/2

[Event "Bundesliga 2007-8"]
[Site "Muelheim GER"]
[Date "2008.03.08"]
[Round "10"]
[White "Tregubov,P"]
[Black "Goloshchapov,A"]
[Result "1-0"]
[WhiteElo "2636"]
[BlackElo "2563"]

1.d4 d5 2.c4 e6 3.Nf3 Nf6 4.Nc3 Be7 5.Bf4 O-O 6.e3 Nbd7 7.a3 c5 8.cxd5 Nxd5
9.Nxd5 exd5 10.dxc5 Nxc5 11.Be5 Bf6 12.Be2 Bf5 13.O-O Be4 14.Bxf6 Qxf6 15.Qd4 Qd6
16.Nd2 Rfd8 17.Nxe4 dxe4 18.Qxd6 Rxd6 19.Rfd1 Rad8 20.Rxd6 Rxd6 21.Rc1 b6
22.b4 Ne6 23.Kf1 Kf8 24.Rc4 f5 25.g4 g6 26.gxf5 gxf5 27.Rc8+ Rd8 28.Rc6 Ke7
29.Bc4 Rd6 30.Rc8 Ng5 31.Ra8 Rh6 32.Rxa7+ Kd6 33.Rg7 Nf3 34.Be2 Rxh2 35.Bxf3 exf3
36.Kg1 Rh4 37.Rg3 Rc4 38.Rxf3 Ke5 39.Rh3 Rc3 40.Rxh7 Rxa3 41.Rb7 f4 42.exf4+ Kxf4
43.Rxb6 Ra8 44.Rc6 Rb8 45.Rc4+ Kf3 46.Rc3+ Ke4 47.Rb3 Rb5 48.Kg2 Kf4 49.Kf1 Ke4
50.Ke2 Kd4 51.Rg3 Re5+ 52.Kd2 Re4 53.f3 Re5 54.Rg4+ Kd5 55.Kd3 Re1 56.Rd4+ Kc6
57.Re4 Rb1 58.Rc4+ Kb5 59.Rd4 Re1 60.f4  1-0

[Event "TCh-AUT 1st Bundesliga 2007-8"]
[Site "Graz AUT"]
[Date "2008.03.15"]
[Round "10"]
[White "Pilaj,H"]
[Black "Frosch,R"]
[Result "1/2-1/2"]
[WhiteElo "2374"]
[BlackElo "2229"]

1.d4 d5 2.c4 e6 3.Nf3 Nf6 4.Nc3 Be7 5.Bf4 c6 6.e3 O-O 7.Qc2 Nbd7 8.Rd1 Qa5
9.Nd2 Nh5 10.Bg3 f5 11.Bd3 g6 12.a3 a6 13.Qc1 Qd8 14.Nf3 Nxg3 15.hxg3 Bd6
16.b4 Qf6 17.cxd5 exd5 18.Na4 b5 19.Nc5 Nxc5 20.dxc5 Bc7 21.Qa1 Qxa1 22.Rxa1 a5
23.Kd2 axb4 24.axb4 Bd7 25.Kc2 Rfb8 26.Kb3 h5 27.Nd4 Kf7 28.Rhc1 Be8 29.Be2 Kf6
30.Bd3 Rc8 31.Kb2 Rcb8 32.Kb3 Rc8 33.Rd1 Rcb8 34.Re1 Rc8 35.Rf1 Rcb8 36.Rg1 Rc8
37.Rh1 Rcb8 38.Be2 Rc8 39.Rhb1 Rcb8 40.Bd3 Rc8 41.Rc1  1/2-1/2

[Event "72nd ch-BUL"]
[Site "Plovdiv BUL"]
[Date "2008.03.15"]
[Round "2"]
[White "Kozhuharov,S"]
[Black "Radulski,J"]
[Result "1/2-1/2"]
[WhiteElo "2456"]
[BlackElo "2511"]

1.c4 e6 2.Nf3 d5 3.d4 Nf6 4.Nc3 Be7 5.Bf4 O-O 6.e3 a6 7.c5 Nc6 8.h3 Ne4 9.Bd3 f5
10.Rc1 Bd7 11.g4 Be8 12.gxf5 Bh5 13.Nxe4 dxe4 14.Bxe4 exf5 15.Bd3 g5 16.Bh2 f4
17.Be2 Bf6 18.d5 Ne7 19.Rg1 fxe3 20.fxe3 Nxd5 21.Nxg5 Bg6 22.Bc4 c6 23.Qg4 Kh8
24.Ne6 Nxe3 25.Nxd8 Nxg4 26.hxg4 Raxd8 27.Rg2 Be4 28.Rf2 Kg7 29.Bg3 Kg6 30.Rxf6+ Kxf6
31.Bh4+ Ke5 32.Bxd8 Rxd8 33.Rc3 Kd4 34.Be2 Rd7 35.Rc4+ Ke3 36.Rc3+ Kf4 37.b4 Rd4
38.a3 a5 39.bxa5 Ra4 40.a6 bxa6 41.Kf2 a5 42.Ke1 Rd4 43.Rh3 Rd5 44.Rc3 Ke5
45.Rc4 Rd4 46.Rc3 Rd5  1/2-1/2

[Event "ch-DEN"]
[Site "Silkeborg DEN"]
[Date "2008.03.15"]
[Round "1"]
[White "Jakobsen,O"]
[Black "Teplyi,I"]
[Result "1/2-1/2"]
[WhiteElo "2372"]
[BlackElo "2256"]

1.d4 d5 2.Nf3 Nf6 3.c4 e6 4.Nc3 Be7 5.Bf4 O-O 6.e3 Nbd7 7.Qc2 c5 8.dxc5 Nxc5
9.Be2 dxc4 10.Bxc4 a6 11.a4 Bd7 12.a5 Bb5 13.Nxb5 axb5 14.Bxb5 Rxa5 15.Rd1 Qb6
16.Be2 Qb4+ 17.Kf1 Rd8 18.Rxd8+ Bxd8 19.g3 Ra1+ 20.Kg2 Rxh1 21.Kxh1 Nfe4
22.Kg2 Bf6 23.Be5 b6 24.Qc4 Qxc4 25.Bxc4 Bxe5 26.Nxe5 Nd6 27.Be2 f6 28.Nc4 Nxc4
29.Bxc4 Kf7 30.f4  1/2-1/2

[Event "ch-Siberia"]
[Site "Novokuznetsk RUS"]
[Date "2008.03.19"]
[Round "7"]
[White "Verzhansky,A"]
[Black "Buldaev,N"]
[Result "0-1"]
[WhiteElo "2357"]
[BlackElo "2206"]

1.d4 d5 2.c4 e6 3.Nc3 Be7 4.Nf3 Nf6 5.Bf4 O-O 6.e3 c5 7.a3 cxd4 8.exd4 Nc6
9.Bd3 b6 10.O-O Ba6 11.Nb5 dxc4 12.Bxc4 Na5 13.Bd3 Nd5 14.Bg3 Bb7 15.b4 a6
16.bxa5 axb5 17.axb6 Qxb6 18.Qb3 Ra5 19.Ne5 Rfa8 20.Nd7 Qxd4 21.Be5 Qg4 22.f3 Qg5
23.Bb2 Rd8 24.Ne5 Nf4  0-1

[Event "Doeberl Cup"]
[Site "Canberra AUS"]
[Date "2008.03.20"]
[Round "2"]
[White "Akobian,V"]
[Black "Hoffmann,Ac"]
[Result "1-0"]
[WhiteElo "2599"]
[BlackElo "2165"]

1.d4 Nf6 2.c4 e6 3.Nf3 d5 4.Nc3 Be7 5.Bf4 O-O 6.e3 c6 7.h3 Qa5 8.Nd2 Bb4
9.Qc2 Ne4 10.Ndxe4 dxe4 11.Be2 Nd7 12.O-O f5 13.c5 Nf6 14.Bd6 Rf7 15.a3 Bxc3
16.bxc3 b6 17.Qb3 Nd5 18.Rfc1 Rb7 19.Qc2 b5 20.Qd2 Bd7 21.f3 Nf6 22.Rcb1 Nd5
23.Rc1 exf3 24.Bxf3 Qd8 25.Rab1 a6 26.c4 Nf6 27.a4 Rba7 28.axb5 axb5 29.cxb5 cxb5
30.c6 Bc8 31.Be5 Ra2 32.Rb2 Qa5 33.Rxa2 Qxa2 34.Qe1 Nd5 35.Qh4 Qa3 36.Rb1 Qxe3+
37.Kh2 Nf6 38.Bxf6 gxf6 39.Qxf6 Ra2 40.Qd8+ Kg7 41.Qc7+ Kf6 42.Rf1 Qd3 43.Qd8+ Kf7
44.Bh5+ Kg7 45.Qg5+  1-0

[Event "XXXV Open"]
[Site "La Roda ESP"]
[Date "2008.03.20"]
[Round "2"]
[White "Epishin,V"]
[Black "Guerra Tulcan,L"]
[Result "1/2-1/2"]
[WhiteElo "2577"]
[BlackElo "2231"]

1.Nf3 d5 2.d4 e6 3.c4 Nf6 4.Nc3 Be7 5.Bf4 O-O 6.e3 c5 7.dxc5 Bxc5 8.Qc2 Nc6
9.Rd1 Qa5 10.a3 Be7 11.Be2 dxc4 12.Bxc4 a6 13.O-O b5 14.Bb3 Bb7 15.Ne4 Rac8
16.Nfg5 Nxe4 17.Qxe4 Bxg5 18.Bc2 g6 19.Bxg5 Nd8 20.Qh4 Rxc2 21.Bxd8 Qa4 22.Rd4 b4
23.Bf6 h5 24.Rg4 Qb5 25.Rg5 Qe2 26.Qxb4 Bd5 27.Qe1 Rfc8 28.Qxe2 Rxe2 29.Bc3 Kh7
30.h4 Rc4 31.g3 Rc2  1/2-1/2

[Event "12th Neckar Open A"]
[Site "Deizisau GER"]
[Date "2008.03.21"]
[Round "2"]
[White "Farago,I"]
[Black "Schloetzer,W"]
[Result "1-0"]
[WhiteElo "2475"]
[BlackElo "2223"]

1.d4 d5 2.c4 e6 3.Nf3 Nf6 4.Nc3 Be7 5.Bf4 O-O 6.e3 c5 7.dxc5 Bxc5 8.cxd5 Nxd5
9.Nxd5 exd5 10.a3 Nc6 11.Bd3 Bb6 12.b4 a6 13.O-O Bg4 14.h3 Bh5 15.Ra2 d4
16.e4 Re8 17.Rd2 Bc7 18.Bxc7 Qxc7 19.Bb1 Qf4 20.g4 Bg6 21.Nxd4 Bxe4 22.Bxe4 Qxe4
23.Nxc6 Qxc6 24.Rd6 Qc7 25.Rd7 Qc6 26.Qd6 Re6 27.Rd1 g6 28.Qd5 Qxd5 29.R1xd5 b6
30.Kg2 Rc8 31.Rd3 Rcc6 32.Ra7 g5 33.Rf3 f6 34.Rd3  1-0